| 000 | 01112cam a22002771 4500 | ||
|---|---|---|---|
| 001 | gs 53000298 | ||
| 003 | DLC | ||
| 005 | 20260227111400.0 | ||
| 008 | 760210s1951 azub s000 0 eng | ||
| 010 | _ags 53000298 | ||
| 035 | _a(OCoLC)1982083 | ||
| 040 |
_aDLC _cAzFU _dOCoLC _dDLC |
||
| 042 | _apremarc | ||
| 050 | 0 | 0 |
_aTN24.A6 _bA53 |
| 086 | 0 |
_aMN 1.3:B 85/159 _2azdocs |
|
| 110 | 2 |
_aUniversity of Arizona. _bState Bureau of Mines |
|
| 245 | 1 | 4 |
_aThe mineral resources of Arizona, _cprepared by the Arizona Bureau of Mines staff primarily for high school students. |
| 260 |
_aTucson, _bUniversity of Arizona, _c1951. |
||
| 300 |
_a15 p. _bmap, tables _c23 cm. |
||
| 490 | 1 |
_aIts bulletin _vno. 159; Mineral technology series, no. 44 |
|
| 500 | _aUniversity of Arizona bulletin, v. 22, no. 5. | ||
| 650 | 0 |
_aMines and mineral resources _zArizona _xHistory. |
|
| 810 | 2 |
_aUniversity of Arizona. _bState Bureau of Mines. _tBulletin ; _vno. 159. |
|
| 810 | 2 |
_aUniversity of Arizona. _bState Bureau of Mines. _tMineral technology series ; _vno. 44. |
|
| 830 | 0 |
_aBulletin (University of Arizona) ; _vv. 22, no. 5. |
|
| 999 |
_c28791 _d28791 |
||